Chemical Analysis of Metals and Alloys (Record no. 730)

000 -LEADER
fixed length control field 00430nam a2200157 4500
008 - FIXED-LENGTH DATA ELEMENTS--GENERAL INFORMATION
fixed length control field 191125b ||||| |||| 00| 0 eng d
082 00 - DEWEY DECIMAL CLASSIFICATION NUMBER
Classification number 543.6
Item number G8221
100 ## - MAIN ENTRY--PERSONAL NAME
9 (RLIN) 122
Personal name Gregory, Edwin
245 10 - TITLE STATEMENT
Title Chemical Analysis of Metals and Alloys
250 ## - EDITION STATEMENT
Edition statement 2nd ed.
260 ## - PUBLICATION, DISTRIBUTION, ETC. (IMPRINT)
Place of publication, distribution, etc London
Name of publisher, distributor, etc Blackie
Date of publication, distribution, etc 1947
300 ## - PHYSICAL DESCRIPTION
Extent xvi, 375 p.
650 #0 - SUBJECT ADDED ENTRY--TOPICAL TERM
Topical term or geographic name as entry element Metals Analysis
700 ## - ADDED ENTRY--PERSONAL NAME
9 (RLIN) 256
Personal name Stevenson, Walter W.
942 ## - ADDED ENTRY ELEMENTS (KOHA)
Source of classification or shelving scheme
Item type Books
Holdings
Withdrawn status Lost status Source of classification or shelving scheme Damaged status Not for loan Permanent location Current location Date acquired Full call number Barcode Date last seen Koha item type
          IMU Kolkata IMU Kolkata 1952-10-10 543.6 G8221 00180 2019-11-25 Books
Designed and Maintained by IMU-KC Library, Kolkata Campus © Copyright All Rights Reserved

webs counters

Powered by Koha